[Event "19. Obert Int. Sant Marti 2017 - B"]
[Site "Barcelona ESP"]
[Date "2017.07.13"]
[Round "1.22"]
[White "Siludakis, Hernan"]
[Black "Zubimendi Felip, Ricard"]
[Result "1-0"]
[WhiteElo "1874"]
[BlackElo "1625"]
[PlyCount "69"]
[EventDate "2017.07.13"]
[EventType "swiss"]
[EventRounds "9"]
[EventCountry "ESP"]
[SourceTitle "Ajedrez en Madrid"]
[Source "lmi"]
[SourceDate "2017.07.13"]
[SourceVersion "1"]
[SourceVersionDate "2019.06.21"]
[SourceQuality "1"]

1. d4 Nf6 2. c4 e6 3. Nf3 Bb4+ 4. Bd2 Be7 5. g3 d5 6. Bg2 Nc6 7. cxd5 exd5 8.
O-O O-O 9. Nc3 Ne4 10. Bf4 Bf5 11. Rc1 Rc8 12. Qa4 Qd7 13. Qb5 g5 14. Nxe4 gxf4
15. Nc5 Bxc5 16. Rxc5 fxg3 17. Rxd5 gxh2+ 18. Kh1 a6 19. Rxd7 axb5 20. Rd5 Be6
21. Rxb5 Bxa2 22. Rxb7 Bd5 23. Rc1 Kh8 24. Kxh2 Rg8 25. Bh3 Rce8 26. Ng1 Re7
27. Rb5 Rg5 28. Rxc6 Rh5 29. Rcc5 c6 30. Rb8+ Kg7 31. Rc3 Re6 32. Rg3+ Kf6 33.
e3 Ke7 34. Ne2 c5 35. Nf4 1-0

[Event "19. Obert Int. Sant Marti 2017 - B"]
[Site "Barcelona ESP"]
[Date "2017.07.13"]
[Round "1.23"]
[White "Llombart Baiges, Jaime"]
[Black "Husson, Cybele"]
[Result "1-0"]
[WhiteElo "1622"]
[BlackElo "1870"]
[PlyCount "81"]
[EventDate "2017.07.13"]
[EventType "swiss"]
[EventRounds "9"]
[EventCountry "ESP"]
[SourceTitle "Ajedrez en Madrid"]
[Source "lmi"]
[SourceDate "2017.07.13"]
[SourceVersion "1"]
[SourceVersionDate "2019.06.21"]
[SourceQuality "1"]

1. e4 b6 2. d4 Bb7 3. d5 g6 4. Nf3 Bg7 5. Bd3 Nf6 6. O-O O-O 7. c4 d6 8. Nc3 a5
9. Be3 Ng4 10. Bd2 Nd7 11. h3 Nge5 12. Nxe5 Nxe5 13. Be2 Ba6 14. b3 e6 15. Rc1
Qe7 16. Rc2 g5 17. Qc1 h6 18. f4 gxf4 19. Bxf4 Kh7 20. Nd1 Rg8 21. Ne3 Ng6 22.
Bh2 Raf8 23. Ng4 Bc8 24. Kh1 Bd7 25. Bd1 Qh4 26. Rcf2 f5 27. dxe6 Bc6 28. exf5
Qxh3 29. Qc2 Kh8 30. f6 Bxf6 31. Nxf6 Rxf6 32. Rxf6 Nf4 33. Rf3 Rxg2 34. Rf8+
Rg8 35. Rxg8+ Kxg8 36. Qf2 Kh8 37. Kg1 Qg4+ 38. Kf1 Qh5 39. Qd4+ Kh7 40. Bc2+
Kg8 41. Rg3+ 1-0

[Event "19. Obert Int. Sant Marti 2017 - B"]
[Site "Barcelona ESP"]
[Date "2017.07.13"]
[Round "1.24"]
[White "Gonzalez Lafita, Oscar"]
[Black "Bes Alvarez, Alex"]
[Result "1/2-1/2"]
[WhiteElo "1867"]
[BlackElo "1620"]
[PlyCount "78"]
[EventDate "2017.07.13"]
[EventType "swiss"]
[EventRounds "9"]
[EventCountry "ESP"]
[SourceTitle "Ajedrez en Madrid"]
[Source "lmi"]
[SourceDate "2017.07.13"]
[SourceVersion "1"]
[SourceVersionDate "2019.06.21"]
[SourceQuality "1"]

1. d4 d5 2. Nf3 Nf6 3. c4 e6 4. g3 Be7 5. Nc3 O-O 6. Bg2 b6 7. O-O Bb7 8. Ne5
c5 9. e3 cxd4 10. exd4 Qc7 11. Bf4 Qc8 12. cxd5 Nxd5 13. Nxd5 Bxd5 14. Bxd5
exd5 15. Rc1 Qb7 16. Qb3 Bd6 17. Rc2 Bxe5 18. dxe5 Na6 19. Rfc1 h6 20. Rc6 Rfd8
21. Qb5 d4 22. a4 d3 23. Bd2 Rac8 24. Rxc8 Rxc8 25. Rxc8+ Qxc8 26. Qxd3 Nc5 27.
Qc4 Qd7 28. Be3 Nxa4 29. Bd4 b5 30. Qb4 a5 31. Qd6 Qc8 32. b3 Nc3 33. Bxc3 Qxc3
34. Qb8+ Kh7 35. Qxb5 Qe1+ 36. Kg2 Qe4+ 37. f3 Qc2+ 38. Kg1 Qd1+ 39. Kf2 Qd4+
1/2-1/2

[Event "19. Obert Int. Sant Marti 2017 - B"]
[Site "Barcelona ESP"]
[Date "2017.07.13"]
[Round "1.25"]
[White "Ylla Soro, Rafael"]
[Black "Ramos Alvarez, Maximo"]
[Result "0-1"]
[WhiteElo "1612"]
[BlackElo "1865"]
[PlyCount "106"]
[EventDate "2017.07.13"]
[EventType "swiss"]
[EventRounds "9"]
[EventCountry "ESP"]
[SourceTitle "Ajedrez en Madrid"]
[Source "lmi"]
[SourceDate "2017.07.13"]
[SourceVersion "1"]
[SourceVersionDate "2019.06.21"]
[SourceQuality "1"]

1. e4 c5 2. Nc3 g6 3. g3 Nc6 4. Bg2 Bg7 5. Nge2 e6 6. d3 Nge7 7. Bg5 O-O 8. O-O
d6 9. Qd2 Nd4 10. Rab1 Rb8 11. a4 Bd7 12. b4 Nxe2+ 13. Nxe2 Bxa4 14. bxc5 dxc5
15. Rfc1 Bc6 16. Bf4 Rc8 17. Bg5 b6 18. Bh6 Ba8 19. Bxg7 Kxg7 20. Qc3+ Kg8 21.
Qb2 Nc6 22. Qb5 Nd4 23. Nxd4 cxd4 24. Rb4 Rc5 25. Qa6 Qd7 26. Ra4 Bb7 27. Qxa7
Qc6 28. Rb4 b5 29. Qa2 e5 30. Qb2 Ra8 31. Kf1 Bc8 32. Ke1 Be6 33. Kd2 Ra2 34.
Qb1 Qa6 35. Kd1 Bd7 36. Rb2 Ra5 37. Rb4 Be6 38. Kd2 Rc3 39. Qb2 Rca3 40. Rb1
Bd7 41. Qc1 Qf6 42. Qf1 Qg5+ 43. f4 Qe7 44. fxe5 Qxe5 45. Qf4 Qc5 46. Kd1 Ra2
47. Qd2 Qh5+ 48. Kc1 Qxh2 49. Rxd4 Qg1+ 50. Qd1 Qxd4 51. Qe1 Ra1 52. Kd2 Rxb1
53. Qxb1 Qf2+ 0-1

[Event "19. Obert Int. Sant Marti 2017 - B"]
[Site "Barcelona ESP"]
[Date "2017.07.13"]
[Round "1.26"]
[White "Corominas Garrido, Jordi"]
[Black "Kyrkjebo, Eirik"]
[Result "0-1"]
[WhiteElo "1864"]
[BlackElo "1611"]
[PlyCount "81"]
[EventDate "2017.07.13"]
[EventType "swiss"]
[EventRounds "9"]
[EventCountry "ESP"]
[SourceTitle "Ajedrez en Madrid"]
[Source "lmi"]
[SourceDate "2017.07.13"]
[SourceVersion "1"]
[SourceVersionDate "2019.06.21"]
[SourceQuality "1"]

1. c4 b6 2. Nc3 Bb7 3. d4 e6 4. a3 Nf6 5. Nf3 h6 6. e3 Be7 7. Bd3 O-O 8. e4 d6
9. O-O Nbd7 10. Qe2 c5 11. d5 e5 12. h3 a6 13. Nh2 Bc8 14. f4 exf4 15. Bxf4 Ne5
16. Nf3 Nfd7 17. Nxe5 Nxe5 18. Bxe5 dxe5 19. Rf3 Bg5 20. Qf2 h5 21. Rf1 Ra7 22.
Ne2 Bh4 23. g3 Bg5 24. Kh2 Qd7 25. Rf5 Qe7 26. Rf3 Qd7 27. Qg2 b5 28. b3 Rb7
29. h4 Bh6 30. Rf5 g6 31. Rf6 Rb8 32. Rc6 Bb7 33. Rxc5 Be3 34. b4 Bxc5 35. bxc5
Rbc8 36. cxb5 axb5 37. Qf2 Ra8 38. Rb1 Rxa3 39. Bxb5 Qg4 40. c6 Qxe4 41. cxb7
0-1

[Event "19. Obert Int. Sant Marti 2017 - B"]
[Site "Barcelona ESP"]
[Date "2017.07.13"]
[Round "1.27"]
[White "Sagar, Siya"]
[Black "Rodriguez Isern, Bernat"]
[Result "0-1"]
[WhiteElo "1608"]
[BlackElo "1864"]
[PlyCount "66"]
[EventDate "2017.07.13"]
[EventType "swiss"]
[EventRounds "9"]
[EventCountry "ESP"]
[SourceTitle "Ajedrez en Madrid"]
[Source "lmi"]
[SourceDate "2017.07.13"]
[SourceVersion "1"]
[SourceVersionDate "2019.06.21"]
[SourceQuality "1"]

1. e4 e5 2. Nf3 Nc6 3. Bb5 Bc5 4. O-O Qf6 5. c3 Nge7 6. Bxc6 Nxc6 7. d4 exd4 8.
e5 Qg6 9. cxd4 Bb6 10. Nc3 h5 11. Bg5 Nxd4 12. Bh4 Qg4 13. Bg3 Nxf3+ 14. gxf3
Qg6 15. Kh1 Qf5 16. h4 Qh3+ 17. Kg1 Qxg3+ 18. Kh1 Qxh4+ 19. Kg2 Rh6 20. f4 Qxf4
21. Ne2 Rg6+ 22. Ng3 h4 23. Qh5 hxg3 24. Qh8+ Ke7 25. Qh3 gxf2+ 26. Kh1 Rh6 27.
Qxh6 Qxh6+ 28. Kg2 Qg5+ 29. Kh1 Qh4+ 30. Kg2 Qg4+ 31. Kh2 Kf8 32. Rad1 d6 33.
exd6 Qh3# 0-1

[Event "19. Obert Int. Sant Marti 2017 - B"]
[Site "Barcelona ESP"]
[Date "2017.07.13"]
[Round "1.28"]
[White "Gomez Guinovart, Josep Manel"]
[Black "Mota, Pankit"]
[Result "0-1"]
[WhiteElo "1601"]
[BlackElo "1859"]
[PlyCount "130"]
[EventDate "2017.07.13"]
[EventType "swiss"]
[EventRounds "9"]
[EventCountry "ESP"]
[SourceTitle "Ajedrez en Madrid"]
[Source "lmi"]
[SourceDate "2017.07.13"]
[SourceVersion "1"]
[SourceVersionDate "2019.06.21"]
[SourceQuality "1"]

1. d4 Nf6 2. Nf3 d5 3. Bf4 e6 4. e3 c5 5. c3 Nc6 6. Bd3 Qb6 7. Qc2 Bd7 8. a3 c4
9. Be2 Na5 10. Nbd2 Rc8 11. O-O Nb3 12. Rae1 Ba4 13. e4 Qa5 14. Qb1 Be7 15. Bg5
Nxe4 16. Nxb3 Bxb3 17. Bxe7 Kxe7 18. Qc1 Rhd8 19. Ne5 Qc7 20. Bf3 Nf6 21. Qg5
Kf8 22. Re3 Bc2 23. Rfe1 Rd6 24. Bh5 Nxh5 25. Qxh5 f6 26. Nf3 Qf7 27. Qh4 Rb6
28. g4 Qg6 29. Rxe6 Rxe6 30. Rxe6 Qf7 31. Re3 Re8 32. Qg3 Rxe3 33. fxe3 g5 34.
Kf2 Qd7 35. h3 Be4 36. Qb8+ Kg7 37. Qxa7 h5 38. Qc5 hxg4 39. hxg4 b6 40. Qb4
Kf7 41. Qxb6 Qxg4 42. Qc7+ Ke8 43. Qc6+ Kf7 44. Qc7+ Kg6 45. Qg3 Qf5 46. Ke2
Bxf3+ 47. Qxf3 Qc2+ 48. Kf1 Qb1+ 49. Kg2 Qxb2+ 50. Kf1 Qc1+ 51. Kg2 Qd2+ 52.
Kf1 Qxc3 53. Qxd5 Qd3+ 54. Kf2 Qc2+ 55. Ke1 Qb1+ 56. Ke2 Qd3+ 57. Kf2 Qf5+ 58.
Qxf5+ Kxf5 59. a4 c3 60. Ke2 g4 61. a5 c2 62. Kd2 c1=Q+ 63. Kxc1 g3 64. a6 g2
65. a7 g1=Q+ 0-1

[Event "19. Obert Int. Sant Marti 2017 - B"]
[Site "Barcelona ESP"]
[Date "2017.07.13"]
[Round "1.29"]
[White "Moreno Perez, Norberto"]
[Black "Gabrielsen, Rasmus Arvola"]
[Result "1-0"]
[WhiteElo "1851"]
[BlackElo "1599"]
[PlyCount "71"]
[EventDate "2017.07.13"]
[EventType "swiss"]
[EventRounds "9"]
[EventCountry "ESP"]
[SourceTitle "Ajedrez en Madrid"]
[Source "lmi"]
[SourceDate "2017.07.13"]
[SourceVersion "1"]
[SourceVersionDate "2019.06.21"]
[SourceQuality "1"]

1. e4 c5 2. Nf3 d6 3. Bc4 Nc6 4. O-O Nf6 5. Re1 g6 6. d4 cxd4 7. Nxd4 Bg7 8.
Nxc6 bxc6 9. c3 O-O 10. Bb3 Qc7 11. Bg5 Bb7 12. Nd2 e6 13. Qf3 Nd7 14. Qg3 Be5
15. f4 Bg7 16. f5 Rfe8 17. Rf1 Rac8 18. fxe6 fxe6 19. Qh3 d5 20. Bf4 Be5 21.
Be3 Qd6 22. Rad1 Ba6 23. Rf2 Rf8 24. exd5 exd5 25. Ne4 Qe7 26. Rxf8+ Rxf8 27.
Bg5 Bxh2+ 28. Kxh2 Qxe4 29. Qe3 Nc5 30. Qxe4 Nxe4 31. Be3 Rf5 32. Rd4 Rh5+ 33.
Kg1 Rf5 34. Rxe4 Rf1+ 35. Kh2 Re1 36. Re5 1-0

[Event "19. Obert Int. Sant Marti 2017 - B"]
[Site "Barcelona ESP"]
[Date "2017.07.13"]
[Round "1.30"]
[White "Pascual Gonzalez-Novelles, David"]
[Black "Lozano Ruiz, David"]
[Result "1/2-1/2"]
[WhiteElo "1593"]
[BlackElo "1844"]
[PlyCount "53"]
[EventDate "2017.07.13"]
[EventType "swiss"]
[EventRounds "9"]
[EventCountry "ESP"]
[SourceTitle "Ajedrez en Madrid"]
[Source "lmi"]
[SourceDate "2017.07.13"]
[SourceVersion "1"]
[SourceVersionDate "2019.06.21"]
[SourceQuality "1"]

1. e4 e6 2. d4 d5 3. exd5 exd5 4. Nf3 Bd6 5. Nc3 Ne7 6. Bd3 Bg4 7. h3 Bh5 8. g4
Bg6 9. Be3 Bxd3 10. Qxd3 c6 11. O-O-O Qc7 12. h4 Nd7 13. Rde1 O-O-O 14. Ng5
Rdf8 15. Kb1 h6 16. Nh3 Re8 17. f4 Ng6 18. f5 Nxh4 19. Bd2 g5 20. fxg6 fxg6 21.
Rxe8+ Rxe8 22. Bxh6 Qd8 23. Bg5 Be7 24. Bxh4 Bxh4 25. Qxg6 Rg8 26. Qe6 Re8 27.
Qf5 1/2-1/2

[Event "19. Obert Int. Sant Marti 2017 - B"]
[Site "Barcelona ESP"]
[Date "2017.07.13"]
[Round "1.31"]
[White "Low, Kevin"]
[Black "Ferre Navarro, Joan"]
[Result "1/2-1/2"]
[WhiteElo "1843"]
[BlackElo "1587"]
[PlyCount "91"]
[EventDate "2017.07.13"]
[EventType "swiss"]
[EventRounds "9"]
[EventCountry "ESP"]
[SourceTitle "Ajedrez en Madrid"]
[Source "lmi"]
[SourceDate "2017.07.13"]
[SourceVersion "1"]
[SourceVersionDate "2019.06.21"]
[SourceQuality "1"]

1. e4 e5 2. Nf3 Nc6 3. Bb5 d6 4. O-O Nf6 5. Re1 a6 6. Ba4 b5 7. Bb3 Na5 8. c3
Nxb3 9. axb3 Bb7 10. d3 Be7 11. Nbd2 O-O 12. Nf1 c5 13. Ng3 Re8 14. d4 cxd4 15.
cxd4 exd4 16. Nxd4 Bf8 17. f3 Nd7 18. Ndf5 Ne5 19. Ne3 Qb6 20. Kh1 Rac8 21. Nd5
Bxd5 22. Qxd5 Qc6 23. Qxc6 Rxc6 24. Rd1 Rec8 25. Be3 Nd7 26. Nf5 g6 27. Nd4 Rb6
28. Rdc1 Rxc1+ 29. Rxc1 Nc5 30. Rc2 b4 31. Rc4 a5 32. Ne2 Kg7 33. Nf4 g5 34.
Nd5 Rb8 35. Bxg5 Nxb3 36. Bf6+ Kg6 37. h4 h5 38. Bg5 Bg7 39. Rc6 Bxb2 40. Rxd6+
Kg7 41. Nf4 a4 42. Nxh5+ Kg8 43. Rh6 Rc8 44. Nf6+ Kg7 45. Rh7+ Kg6 46. Rh6+
1/2-1/2

[Event "19. Obert Int. Sant Marti 2017 - B"]
[Site "Barcelona ESP"]
[Date "2017.07.13"]
[Round "1.32"]
[White "Gibert Juan, Ramon"]
[Black "Molina Hernandez, Albert"]
[Result "1-0"]
[WhiteElo "1580"]
[BlackElo "1840"]
[PlyCount "83"]
[EventDate "2017.07.13"]
[EventType "swiss"]
[EventRounds "9"]
[EventCountry "ESP"]
[SourceTitle "Ajedrez en Madrid"]
[Source "lmi"]
[SourceDate "2017.07.13"]
[SourceVersion "1"]
[SourceVersionDate "2019.06.21"]
[SourceQuality "1"]

1. d4 Nf6 2. Nf3 g6 3. c4 Bg7 4. Nc3 O-O 5. e4 d6 6. h3 e5 7. d5 a5 8. Be2 Na6
9. Be3 b6 10. O-O Nc5 11. Nd2 Bd7 12. Bg5 Qc8 13. Kh2 Ne8 14. Be7 f5 15. Bxf8
Bxf8 16. exf5 gxf5 17. f3 Nf6 18. Qe1 Bh6 19. g3 Kh8 20. Rg1 Qg8 21. g4 Qg5 22.
Rd1 Qg6 23. Kh1 Bf4 24. Qh4 Re8 25. gxf5 Qxf5 26. Nde4 Nfxe4 27. fxe4 Qxh3+ 28.
Qxh3 Bxh3 29. Bg4 Bxg4 30. Rxg4 Rg8 31. Rdg1 Rxg4 32. Rxg4 h6 33. Kg2 Bg5 34.
b3 Kg7 35. Kf3 Kf7 36. Nb5 a4 37. bxa4 Nxa4 38. Nxc7 Nb2 39. Ne6 Bf6 40. Rg2
Nxc4 41. Rc2 b5 42. a4 1-0

[Event "19. Obert Int. Sant Marti 2017 - B"]
[Site "Barcelona ESP"]
[Date "2017.07.13"]
[Round "1.33"]
[White "Julia Yebra, David"]
[Black "Riera Mestres, Josep"]
[Result "1-0"]
[WhiteElo "1840"]
[BlackElo "1579"]
[PlyCount "75"]
[EventDate "2017.07.13"]
[EventType "swiss"]
[EventRounds "9"]
[EventCountry "ESP"]
[SourceTitle "Ajedrez en Madrid"]
[Source "lmi"]
[SourceDate "2017.07.13"]
[SourceVersion "1"]
[SourceVersionDate "2019.06.21"]
[SourceQuality "1"]

1. c4 g6 2. Nc3 Bg7 3. g3 c6 4. Bg2 e6 5. Nf3 Ne7 6. d4 d5 7. c5 Nd7 8. Qc2 Nf5
9. e3 Ne7 10. b4 e5 11. O-O e4 12. Nd2 h5 13. f3 f5 14. fxe4 fxe4 15. Ndxe4
dxe4 16. Nxe4 Nf5 17. Nd6+ Ke7 18. Nxf5+ gxf5 19. Qxf5 Nf6 20. Qg5 Kf7 21. Bb2
Rh6 22. e4 Kg8 23. e5 Bg4 24. exf6 Rxf6 25. Rxf6 Qxf6 26. Qxf6 Bxf6 27. b5 cxb5
28. Bxb7 Rd8 29. Rc1 Bxd4+ 30. Bxd4 Rxd4 31. c6 Rc4 32. Rxc4 bxc4 33. Kf2 c3
34. Ke3 c2 35. Kd2 Bf3 36. Ba8 Kf8 37. c7 Bg4 38. Bb7 1-0

[Event "19. Obert Int. Sant Marti 2017 - B"]
[Site "Barcelona ESP"]
[Date "2017.07.13"]
[Round "1.34"]
[White "Zheng, Hong Wei"]
[Black "Khudov, Oleksandr"]
[Result "0-1"]
[WhiteElo "1572"]
[BlackElo "1823"]
[PlyCount "70"]
[EventDate "2017.07.13"]
[EventType "swiss"]
[EventRounds "9"]
[EventCountry "ESP"]
[SourceTitle "Ajedrez en Madrid"]
[Source "lmi"]
[SourceDate "2017.07.13"]
[SourceVersion "1"]
[SourceVersionDate "2019.06.21"]
[SourceQuality "1"]

1. e4 e6 2. Qe2 Be7 3. Nf3 d5 4. d3 c5 5. g3 Nc6 6. Bg2 Nf6 7. c3 O-O 8. O-O
Qc7 9. Bf4 e5 10. Bg5 d4 11. c4 Be6 12. Nbd2 h6 13. Bxf6 Bxf6 14. Nb3 Be7 15.
Nfd2 Nb4 16. a3 Nc6 17. Kh1 a6 18. Qd1 b5 19. Qc2 Na5 20. Nxa5 Qxa5 21. b3 Rab8
22. Nf3 bxc4 23. bxc4 Bd6 24. Nh4 g6 25. Bf3 Bd7 26. Bd1 Rb6 27. Ra2 Rfb8 28.
f3 Rb1 29. Kg1 Bc7 30. Kf2 Qc3 31. Qxc3 dxc3 32. Re1 R8b2+ 33. Rxb2 cxb2 34.
Bc2 Rc1 35. Bb1 Ba4 0-1

[Event "19. Obert Int. Sant Marti 2017 - B"]
[Site "Barcelona ESP"]
[Date "2017.07.13"]
[Round "1.35"]
[White "Gil Gil, Antoni"]
[Black "Hebert, Floriane"]
[Result "1-0"]
[WhiteElo "1823"]
[BlackElo "1567"]
[PlyCount "75"]
[EventDate "2017.07.13"]
[EventType "swiss"]
[EventRounds "9"]
[EventCountry "ESP"]
[SourceTitle "Ajedrez en Madrid"]
[Source "lmi"]
[SourceDate "2017.07.13"]
[SourceVersion "1"]
[SourceVersionDate "2019.06.21"]
[SourceQuality "1"]

1. e4 b6 2. d4 Bb7 3. Nc3 e6 4. Bd3 Bb4 5. Nf3 Nf6 6. Bg5 h6 7. Bxf6 Qxf6 8.
O-O Bxc3 9. bxc3 O-O 10. Qd2 d6 11. Rfe1 e5 12. h3 Nd7 13. Nh2 Qe7 14. Re3 Nf6
15. Qe2 Rfe8 16. Re1 c5 17. d5 a6 18. a4 Rec8 19. Qd1 c4 20. Bf1 b5 21. a5 Nd7
22. Qg4 Nc5 23. Rg3 f6 24. Qg6 Kh8 25. Nf3 Rf8 26. Nh4 Bc8 27. Qh5 Qf7 28. Ng6+
Kg8 29. Qh4 Re8 30. Be2 Qc7 31. Bh5 Qxa5 32. f4 Qc7 33. Nxe5 Re7 34. Qxf6 Na4
35. Nc6 Rd7 36. Qe6+ Kh8 37. Qe8+ Kh7 38. Bg6# 1-0

[Event "19. Obert Int. Sant Marti 2017 - B"]
[Site "Barcelona ESP"]
[Date "2017.07.13"]
[Round "1.36"]
[White "Minko, Olga"]
[Black "Martinez Hernandez, Emili"]
[Result "1/2-1/2"]
[WhiteElo "1563"]
[BlackElo "1823"]
[PlyCount "83"]
[EventDate "2017.07.13"]
[EventType "swiss"]
[EventRounds "9"]
[EventCountry "ESP"]
[SourceTitle "Ajedrez en Madrid"]
[Source "lmi"]
[SourceDate "2017.07.13"]
[SourceVersion "1"]
[SourceVersionDate "2019.06.21"]
[SourceQuality "1"]

1. e4 e6 2. d4 d5 3. Nc3 Bb4 4. e5 c5 5. a3 Ba5 6. Nf3 cxd4 7. Qxd4 Nc6 8. Bb5
Bd7 9. Qg4 Bxc3+ 10. bxc3 Kf8 11. a4 Nge7 12. O-O Qc7 13. Ba3 Kg8 14. Rad1 Ng6
15. Bd6 Qc8 16. h4 Nge7 17. Rfe1 Nf5 18. c4 a6 19. cxd5 exd5 20. Bxc6 Qxc6 21.
Qb4 h6 22. Nd4 Nxd4 23. Qxd4 Qxa4 24. Qxd5 Bc6 25. Qd3 Qxh4 26. Re3 Re8 27. Rg3
Qe4 28. Qc3 Re6 29. Rd4 Qe2 30. Re3 Qh5 31. Rg3 Rg6 32. Qe3 Rxg3 33. Qxg3 Qf5
34. Rg4 g6 35. Rc4 Kh7 36. Rf4 Qe6 37. Rf6 Qd5 38. e6 Qd1+ 39. Kh2 Qh5+ 40. Kg1
Qd1+ 41. Kh2 Qh5+ 42. Kg1 1/2-1/2

[Event "19. Obert Int. Sant Marti 2017 - B"]
[Site "Barcelona ESP"]
[Date "2017.07.13"]
[Round "1.37"]
[White "Peiron Lluch, Jose Daniel"]
[Black "Alcala Gonzalez, Cesar"]
[Result "0-1"]
[WhiteElo "1818"]
[BlackElo "1557"]
[PlyCount "84"]
[EventDate "2017.07.13"]
[EventType "swiss"]
[EventRounds "9"]
[EventCountry "ESP"]
[SourceTitle "Ajedrez en Madrid"]
[Source "lmi"]
[SourceDate "2017.07.13"]
[SourceVersion "1"]
[SourceVersionDate "2019.06.21"]
[SourceQuality "1"]

1. d4 f5 2. Nc3 Nf6 3. Bg5 d5 4. e4 dxe4 5. Bc4 Nc6 6. Nge2 Na5 7. Bb3 Nxb3 8.
axb3 g6 9. h4 Be6 10. Nf4 Bf7 11. h5 Bg7 12. h6 Bf8 13. d5 Qd7 14. Qd4 Qd6 15.
Nb5 Qd8 16. Qa4 c6 17. dxc6 bxc6 18. Nd4 Qd7 19. Nxc6 Rc8 20. Nb4 Qxa4 21. bxa4
a5 22. Bxf6 exf6 23. Nbd5 Bxd5 24. Nxd5 Kf7 25. O-O-O Bc5 26. Rd2 Rhe8 27. Rhd1
Bf8 28. Rh1 g5 29. Ne3 Kg6 30. Rd5 Re5 31. Rhd1 Rc5 32. Rxc5 Rxc5 33. Rd5 Rxd5
34. Nxd5 f4 35. c4 Bc5 36. b4 Bxf2 37. b5 f3 38. gxf3 exf3 39. Kd2 g4 40. Ne3
g3 41. b6 g2 42. b7 Bxe3+ 0-1

[Event "19. Obert Int. Sant Marti 2017 - B"]
[Site "Barcelona ESP"]
[Date "2017.07.13"]
[Round "1.38"]
[White "Rodriguez Batuecas, Jordi"]
[Black "Perez Garcia, Francisco Jose"]
[Result "0-1"]
[WhiteElo "1551"]
[BlackElo "1814"]
[PlyCount "54"]
[EventDate "2017.07.13"]
[EventType "swiss"]
[EventRounds "9"]
[EventCountry "ESP"]
[SourceTitle "Ajedrez en Madrid"]
[Source "lmi"]
[SourceDate "2017.07.13"]
[SourceVersion "1"]
[SourceVersionDate "2019.06.21"]
[SourceQuality "1"]

1. e4 c5 2. Nf3 e6 3. d4 cxd4 4. Nxd4 a6 5. Nc3 Qc7 6. Bd3 Nf6 7. O-O Be7 8.
Qf3 O-O 9. Bg5 d6 10. Qg3 Nbd7 11. Kh1 b5 12. Bxf6 Bxf6 13. Nce2 Bb7 14. Qh3
Ne5 15. Rac1 Qb6 16. f4 Nxd3 17. Qxd3 Rac8 18. b3 Rc7 19. Rf3 Rfc8 20. Rh3 Bxd4
21. e5 g6 22. Qxd4 Qxd4 23. Nxd4 dxe5 24. fxe5 Rd8 25. Nf3 Bxf3 26. Rxf3 Rxc2
27. Rcf1 Rdd2 0-1

[Event "19. Obert Int. Sant Marti 2017 - B"]
[Site "Barcelona ESP"]
[Date "2017.07.13"]
[Round "1.39"]
[White "Cespedes, Sandra"]
[Black "Martinez Navarro, Miquel"]
[Result "1-0"]
[WhiteElo "1814"]
[BlackElo "1547"]
[PlyCount "83"]
[EventDate "2017.07.13"]
[EventType "swiss"]
[EventRounds "9"]
[EventCountry "ESP"]
[SourceTitle "Ajedrez en Madrid"]
[Source "lmi"]
[SourceDate "2017.07.13"]
[SourceVersion "1"]
[SourceVersionDate "2019.06.21"]
[SourceQuality "1"]

1. e4 e5 2. Nf3 Nc6 3. d4 exd4 4. Nxd4 Nxd4 5. Qxd4 Nf6 6. Bg5 Be7 7. Nc3 h6 8.
Bh4 c6 9. O-O-O Qb6 10. Qd3 Qc7 11. Be2 Qf4+ 12. Kb1 Qxh4 13. g3 Qg5 14. f4 Qa5
15. Bf3 Qc7 16. e5 Nh7 17. Be4 Nf8 18. Rhe1 Ne6 19. Qc4 Qa5 20. Bf3 Qc5 21. Qd3
Qb6 22. Na4 Qc7 23. Qe3 Qa5 24. Nc3 Bb4 25. f5 Ng5 26. Bg4 Bxc3 27. bxc3 Qb6+
28. Qxb6 axb6 29. h4 Nh7 30. e6 Nf6 31. exd7+ Kd8 32. dxc8=Q+ Kxc8 33. Bh3 Rd8
34. Rd4 Kc7 35. Re7+ Kc8 36. Rxd8+ Kxd8 37. Rxf7 Ra5 38. Rxg7 Ne4 39. Rxb7 Rb5+
40. Kc1 Nxg3 41. f6 Nf5 42. f7 1-0

[Event "19. Obert Int. Sant Marti 2017 - B"]
[Site "Barcelona ESP"]
[Date "2017.07.13"]
[Round "1.40"]
[White "Guinjoan Fradera, Joan"]
[Black "Bieg Pagel, Clemens"]
[Result "0-1"]
[WhiteElo "1531"]
[BlackElo "1812"]
[PlyCount "84"]
[EventDate "2017.07.13"]
[EventType "swiss"]
[EventRounds "9"]
[EventCountry "ESP"]
[SourceTitle "Ajedrez en Madrid"]
[Source "lmi"]
[SourceDate "2017.07.13"]
[SourceVersion "1"]
[SourceVersionDate "2019.06.21"]
[SourceQuality "1"]

1. e4 c5 2. c4 Nc6 3. Nf3 g6 4. d4 cxd4 5. Nxd4 Bg7 6. Nxc6 bxc6 7. Na3 Qb6 8.
Bd3 Bxb2 9. Rb1 Qa5+ 10. Bd2 Qxa3 11. O-O Qxd3 12. Rxb2 Nf6 13. Rb3 Qxc4 14.
Bc3 O-O 15. f3 a5 16. Qd2 a4 17. Rb4 Qc5+ 18. Kh1 Qa7 19. Rfb1 a3 20. Qh6 Qc5
21. Bd4 Qh5 22. Qe3 d6 23. Bc3 c5 24. Rb8 Be6 25. Rxf8+ Kxf8 26. Qd2 d5 27. e5
Nd7 28. f4 Qf5 29. Qc1 d4 30. Bd2 Qe4 31. Qe1 Qc2 32. Rc1 Qxa2 33. Ra1 Qc2 34.
Qh4 Rb8 35. Rg1 Kg8 36. f5 Bxf5 37. Bh6 Rb1 38. Qxe7 Rxg1+ 39. Kxg1 Qb1+ 40.
Kf2 Qb8 41. h3 a2 42. g4 Be6 0-1

[Event "19. Obert Int. Sant Marti 2017 - B"]
[Site "Barcelona ESP"]
[Date "2017.07.13"]
[Round "1.41"]
[White "Gomez Parla, Josep"]
[Black "Climent Vidal, Pere"]
[Result "1-0"]
[WhiteElo "1808"]
[BlackElo "1530"]
[PlyCount "101"]
[EventDate "2017.07.13"]
[EventType "swiss"]
[EventRounds "9"]
[EventCountry "ESP"]
[SourceTitle "Ajedrez en Madrid"]
[Source "lmi"]
[SourceDate "2017.07.13"]
[SourceVersion "1"]
[SourceVersionDate "2019.06.21"]
[SourceQuality "1"]

1. e4 e6 2. d4 d6 3. Nf3 Nc6 4. c3 Nf6 5. Bd3 g6 6. Bg5 Be7 7. Bh6 Ng4 8. Qd2
Nxh6 9. Qxh6 Bf8 10. Qe3 Bg7 11. h4 h6 12. h5 g5 13. Na3 a6 14. O-O b5 15. Rfe1
O-O 16. e5 d5 17. Bc2 Ne7 18. Qd3 Re8 19. Qh7+ Kf8 20. Nxg5 Nf5 21. Bxf5 exf5
22. Nxf7 Kxf7 23. e6+ Rxe6 24. Rxe6 Bxe6 25. Qg6+ Kf8 26. Qxe6 f4 27. Re1 Qe8
28. Qxe8+ Rxe8 29. Rxe8+ Kxe8 30. Nc2 a5 31. Kf1 Bf6 32. Ke2 Ke7 33. Kf3 Bg5
34. Ne1 b4 35. cxb4 axb4 36. b3 Ke6 37. Kg4 Bf6 38. Nc2 Kd6 39. Kxf4 c5 40.
dxc5+ Kxc5 41. Ke3 Bg7 42. g4 Bf6 43. f4 Be7 44. Ne1 d4+ 45. Ke4 Bf6 46. Nd3+
Kb5 47. Ne5 Be7 48. Kxd4 Bf8 49. Kd5 Bg7 50. g5 hxg5 51. fxg5 1-0